Bilecik Bilecik Bilecik Bilecik Bilecik

Her yönüyle C/ (Record no. 41738)

MARC details
000 -BAŞLIK
Sabit Uzunluktaki Kontrol Alanı 00898nam a22003017a 4500
001 - KONTROL NUMARASI
Control Dosyası 0041898
003 - KONTROL NUMARASI KİMLİĞİ
Kontrol Alanı KOHA_MİRAKIL
005 - EN SON İŞLEM TARİHİ ve ZAMANI
Kontrol Alanı 20260207003253.0
007 - FİZİKSEL TANIM SABİT ALAN - GENEL BİLGİ
Sabit uzunluklu kontrol alanı ta
008 - SABİT UZUNLUKTAKİ VERİ ÖGELERİ - GENEL BİLGİ
Sabit Alan 130904b2012 tu a|||gr||||#||||0|tur |
020 ## - ISBN - ULUSLARARASI STANDART KİTAP NUMARASI
Isbn 9786055201098
040 ## - KATALOGLAMA KAYNAĞI
Özgün Kataloglama Kurumu TR-BiSEU
Kataloglama Dili tur
Çeviri Kurumu TR-BiSEU
Açıklama Kuralları rda
041 0# - DİL KODU
Metin ya da ses kaydının dil kodu tur
044 ## - YAYINLAYAN/ÜRETEN KURULUŞUN ÜLKE KODU
ISO country code tu
050 ## - SINIFLAMA ve YER NUMARASI
Sınıflama Numarası QA76.73.C15
Yer Numarası T48 2012
100 1# - KİŞİ ADI
Yazar Adı (Kişi adı) Kızılören, Tevfik.
245 1# - ESER ADI BİLDİRİMİ
Başlık Her yönüyle C/
Sorumluluk Bildirimi Tevfik Kızılören ; Tevfik Kızılören.
264 #1 - ÜRERİM, YAYIN, DAĞITIM ve TELİF BİLDİRİMİ
Yayın yeri İstanbul :
Yayınlayan Kodlab
Yayın tarihi 2012
300 ## - FİZİKSEL TANIMLAMA
Sayfa, Cilt vb. XXIV,640 sayfa :
Diğer fiziki detaylar resimli ;
Boyutları 21 cm. +
Birlikteki Materyal 1 CD-ROM
336 ## - İÇERİK TÜRÜ
Content type term metin
Content type code txt
Source rdacontent
337 ## - MEDYA TÜRÜ
Media type term aracısız
Media type code n
Source rdamedia
338 ## - TAŞIYICI TÜRÜ
Carrier type term cilt
Carrier type code nc
Source rdacarrier
490 1# - DİZİ BİLDİRİMİ
Dizi Bildirimi Kodlab ;
Cilt Numarası 95.
650 #0 - KONU BAŞLIĞI EK GİRİŞ - KONU TERİMİ
Konusal terim veya coğrafi ad C (Bilgisayar programlama dilleri).
9 (RLIN) 77814
650 #0 - KONU BAŞLIĞI EK GİRİŞ - KONU TERİMİ
Konusal terim veya coğrafi ad C (Computer program language).
9 (RLIN) 1567
830 1# - SERİ EK GİRİŞİ - TEKBİÇİM ESER ADI
Tekbiçim Başlık Kodlab ;
Volume number/sequential designation 95.
9 (RLIN) 63243
942 ## - EK GİRİŞ ÖGELERİ (KOHA)
Source of classification or shelving scheme Library of Congress Classification
Koha item type Book
Holdings
Materyal Türü Kalıcı Konum Mevcut Konum Raf Yeri Sınıflandırma Kaynağı Edinim Bilgisi Ana Konular Alt Konular Yer Numarası Demirbaş Numarası Fatura Tarihi Maliyet, Alış Fiyatı Maliyet, Yenileme Fiyatı Geri Çekilme Durumu Kayıp Durumu Hasarlı Durumu Kredi için değil Kayıt Tarih Toplam Ödünçverme Son Görülme Tarihi Son Kontrol Tarihi Satın Alma Notu Çıkış Durumu
Book Prof. Dr. Azmi Özcan Kütüphanesi Prof. Dr. Azmi Özcan Kütüphanesi Birûni Salonu Library of Congress Classification Satın BİLİM Matematik QA76.73.C15 T48 2012 0041898 24/09/2013 21.53 21.53         30/07/2013 43 15/04/2026 14/04/2026 73291-73383 (92 sayfa)  
Book Prof. Dr. Azmi Özcan Kütüphanesi Prof. Dr. Azmi Özcan Kütüphanesi Birûni Salonu Library of Congress Classification Satın BİLİM Matematik QA76.73.C15 T48 2012 0041899 24/09/2013 21.53 21.53         30/07/2013 42 14/04/2026 14/04/2026 73291-73383 (92 sayfa) 04/05/2026
Book Prof. Dr. Azmi Özcan Kütüphanesi Prof. Dr. Azmi Özcan Kütüphanesi Birûni Salonu Library of Congress Classification Satın BİLİM Matematik QA76.73.C15 T48 2012 0044747 24/09/2013 21.53 21.53         04/09/2013 36 05/12/2024 05/12/2024 73291-73383 (92 sayfa)  
Book Prof. Dr. Azmi Özcan Kütüphanesi Prof. Dr. Azmi Özcan Kütüphanesi Birûni Salonu Library of Congress Classification Satın BİLİM Matematik QA76.73.C15 T48 2012 0044751 24/09/2013 21.53 21.53         04/09/2013 37 05/12/2024 05/12/2024 73291-73383 (92 sayfa)